Tenth International Conference on Numerical Methods in Fluid Dynamics : proceedings of the conference, held at the Beijing Science Hall, Beijing, China, June 23-27, 1986 /

Bibliographic Details
Corporate Authors: International Conference on Numerical Methods in Fluid Dynamics Beijing Science Hall, SpringerLink (Online service)
Other Authors: Zhuang, Fenggan, 1925-, Zhu, Youlan
Format: Conference Proceeding eBook
Language:English
Published: Berlin ; New York : Springer-Verlag, [1986]
Series:Lecture notes in physics ; 264.
Subjects:
Online Access:Connect to the full text of this electronic book

MARC

Tag First Indicator Second Indicator Subfields
LEADER 00000cam a2200000Ia 4500
001 in00003513413
006 m o d
007 cr unu||||||||
008 080722s1986 gw a ob 100 0 eng d
005 20260422205138.5
019 |a 610414014 
020 |a 9783540472339 (electronic bk.) 
020 |a 3540472339 (electronic bk.) 
020 |z 038717172X 
020 |z 9780387171722 
035 |a (OCoLC)234723993  |z (OCoLC)610414014 
040 |a SPLNP  |b eng  |e pn  |c SPLNP  |d GW5XE  |d OCLCQ  |d GW5XE  |d OCLCE  |d OCLCO  |d OCLCQ  |d OCLCF  |d OCLCO  |d UtOrBLW 
042 |a dlr 
049 |a TXAM 
050 4 |a QA911  |b .I54 1986 
082 0 4 |a 620.1/064  |2 19 
111 2 |a International Conference on Numerical Methods in Fluid Dynamics  |n (10th :  |d 1986 :  |c Beijing Science Hall) 
245 1 0 |a Tenth International Conference on Numerical Methods in Fluid Dynamics :  |b proceedings of the conference, held at the Beijing Science Hall, Beijing, China, June 23-27, 1986 /  |c edited by F.G. Zhuang and Y.L. Zhu. 
246 3 |a 10th International Conference on Numerical Methods in Fluid Dynamics 
264 1 |a Berlin ;  |a New York :  |b Springer-Verlag,  |c [1986] 
264 4 |c ©1986 
300 |a 1 online resource (xii, 724 pages) :  |b illustrations. 
336 |a text  |b txt  |2 rdacontent 
337 |a computer  |b c  |2 rdamedia 
338 |a online resource  |b cr  |2 rdacarrier 
490 1 |a Lecture notes in physics,  |x 1616-6361 ;  |v 264 
504 |a Includes bibliographical references. 
538 |a Master and use copy. Digital master created according to Benchmark for Faithful Digital Reproductions of Monographs and Serials, Version 1. Digital Library Federation, December 2002.  |u http://purl.oclc.org/DLF/benchrepro0212  |5 MiAaHDL 
583 1 |a digitized  |c 2010  |h HathiTrust Digital Library  |l committed to preserve  |2 pda  |5 MiAaHDL 
588 |a Description based on print version record. 
500 |a Electronic resource. 
650 0 |a Fluid dynamics  |v Congresses. 
650 0 |a Numerical analysis  |v Congresses. 
650 6 |a Fluides, Dynamique des  |v Congrès. 
650 6 |a Analyse numérique  |v Congrès. 
650 7 |a Fluid dynamics.  |2 fast  |0 (OCoLC)fst00927973 
650 7 |a Numerical analysis.  |2 fast  |0 (OCoLC)fst01041273 
655 7 |a Electronic books.  |2 local 
655 7 |a Conference proceedings.  |2 fast  |0 (OCoLC)fst01423772 
700 1 |a Zhuang, Fenggan,  |d 1925- 
700 1 |a Zhu, Youlan. 
710 2 |a SpringerLink (Online service) 
776 1 8 |i Print version:International Conference on Numerical Methods in Fluid Dynamics (10th : 1986 : Beijing Science Hall).  |t Tenth International Conference on Numerical Methods in Fluid Dynamics.  |d Berlin ; New York : Springer-Verlag, ©1986  |z 038717172X  |w (DLC) 86027937  |w (OCoLC)14691602 
830 0 |a Lecture notes in physics ;  |v 264.  |x 1616-6361 
856 4 0 |u http://proxy.library.tamu.edu/login?url=https://link.springer.com/10.1007/BFb0041761  |z Connect to the full text of this electronic book  |t 0 
994 |a 92  |b TXA 
999 |a MARS 
999 f f |s 4b962eed-5c3d-3611-8b2c-eaabe074c751  |i bbabbcb9-e987-3ed2-83f3-ad75a42da5b4  |t 0 
952 f f |a Texas A&M University  |b College Station  |c Electronic Resources  |s www_evans  |d Available Online  |t 0  |e QA911 .I54 1986  |h Library of Congress classification 
998 f f |a QA911 .I54 1986  |t 0  |l Available Online